Normal view
MARC view
- E.W.F. Tomlin
Entry Personal Name
001 - CONTROL NUMBER
- control field: 105491
003 - CONTROL NUMBER IDENTIFIER
- control field: NUST
005 - DATE AND TIME OF LATEST TRANSACTION
- control field: 20221221110722.0
008 - FIXED-LENGTH DATA ELEMENTS
- fixed length control field: 221221|| aca||aabn | a|a d
040 ## - CATALOGING SOURCE
- Original cataloging agency: NUST
- Transcribing agency: NUST
100 ## - HEADING--PERSONAL NAME
- Personal name: E.W.F. Tomlin
670 ## - SOURCE DATA FOUND
- Source citation: Work cat.: (NUST)193868: E.W.F. Tomlin, The Great philosophers the Eastern World, 1952
